000 00314nam a2200121Ia 4500
005 20251222144738.0
008 251222s9999||||xx |||||||||||||| ||spa||
020 _a968-16-6591-0
082 _a370.721.8/O65
245 0 _aNiños Pequeños, Grandes Desafíos:
264 _bFondo de Cultura Económica
942 _cLIB
999 _c18843
_d18843